Регионална библиотека "Любен Каравелов" - Русе

Делтата на Венера (Запис номер 186007)

MARC детайли
000 -Лидер
Контролно поле с фиксирана дължина 01434nam a2200373 c 4500
003 - Код на организацията, давaща контролен номер
Контролно поле BLK
005 - Дата и час на последна редакция
Контролно поле 20250423132644.0
008 - Елементи от данни с фиксирана дължина
fixed length control field 180411b bul|||||r ||||||| ||bul||
010 ## - Наследен системен номер
LC control number KNG00195001000
020 ## - Международен стандартен номер на книга ISBN
Международен стандартен номер на книга ISBN 978-954-28-2068-0
-- издат.: Сиела Норма
040 ## - Източник на каталожния запис
Идентификатор на билиотеката - собственик на записа BLK
041 ## - Код за език
Код за езика на текст/звукозапис или на отделно заглавие Български
Код за езика КДБФ Български
072 #7 - Код за тематичната категория
Код организация bullib
Код за тематична категория Н83
Текст Чужда художествена литература Н
080 ## - УДК
Текстов определител УДК Американска литература (на САЩ)
УДК код - определител по УДК 821.111(73)
УДК определител -993
УДК - код + определител 821.111(73)-993
100 1# - Редна дума - Автор
Автор Нин, Анаис
Авторска отговорност първи автор
R(LIN) 364322
139 ## - Редно поле
Редна дума Нин, Анаис
Авторски знак Ним - Н 79
245 10 - Сведения за заглавието
Заглавие Делтата на Венера
Подзаглавни данни Ерот. разкази
Редно поле (дума) Анаис Нин; прев. Юлия Чернева.
250 ## - Област на изданието
Сведения за изданието [3. изд.]
257 ## - Страна на издаване
Страна на създаване/издаване Съединени американски щати
260 ## - Област на издателските данни
-- София
Име на издателя, разпространителя и проч. Сиела Норма
Година на издаване 2016
300 ## - Физическа характеристика
Страници 248 с.
Размери/Мащаб 21 см
380 ## - Жанр
Жанр Худож. лит.
500 ## - Общи забележки
Забележка Ориг. загл. Delta of Venus / Anais Nin. - 1. изд. 1995 на изд. Хемус. ; В кн. означено 2. изд.
653 ## - Ключова дума – ненормативна
Ключова дума еротика
653 ## - Ключова дума – ненормативна
Ключова дума разкази
659 ## - Тематичен бюлетин
Тематичен бюлетин Н
700 ## - Други автори (авторска отговорност)
Лично име Чернева, Юлия Недкова
Дати, свързани с автора 1955-
9 (RLIN) 365526
852 ## - Местоположение
Форматна сигнатура Цб 282983
856 4# - Електронен адрес и достъп
Електронен формат pdf - файл
Път до файла /url/
856 4# - Електронен адрес и достъп
Електронен формат pdf - файл
Път до файла /url/
942 ## - АРТИКУЛИ
Вид на библиотечния материал Книги
Скрит в OPAC Не
Koha issues (borrowed), all copies 6
944 ## - СЪЗДАВАНЕ И РЕДАКЦИЯ на ЗАПИСА
Създаване/Редакция Създаване
Дата на регистрацията/редакция 02.11.2016
Статус, дата на статуса Русанова Ирена
Служител, извършил регистрацията/редакцията 30542
944 ## - СЪЗДАВАНЕ И РЕДАКЦИЯ на ЗАПИСА
Създаване/Редакция Редакция
Дата на регистрацията/редакция 16.12.2016
Статус, дата на статуса ф /
Служител, извършил регистрацията/редакцията Людмила_Стоянова
999 ## - СИСТЕМНИ КОНТРОЛНИ НОМЕРА
Koha biblionumber 186007
Koha biblioitemnumber 186007
Наличности
Код за отписване Код за изгубен артикул Източник на класификационната схема Код за повреда Коз за рестрикции Код за отдаване Артикулен № Име на библиотеката - собственик Име на библиотеката, в която се намира в момента Статус (Текущо местоположение) Дата на вписване в системата Местоположение - отдел Цена в лева Инвентарен номер Систематично азбучна сигнатура Баркод Номер на екземпляра Цена в евро Служебна бележка Служебен тип на артикула
  Не е изгубен Universal Decimal Classification Не е повреден без рестрикции заемане за дома 323253 Регионална библиотека "Любен Каравелов" Русе Регионална библиотека "Любен Каравелов" Русе Заемна - подръчен фонд 2016-11-03 Заемна - подръчен фонд 7.00 120000805375 П 820(73)-9/Н 79 120000805375 1 3.58 Дост: Pk Вид: Ф N: 1484 Дата: 01.11.2016 Дата инв: 08.02.2018 Бележки инв: П2018 Книги
  Не е изгубен Universal Decimal Classification Не е повреден без рестрикции заемане за дома 754213 Регионална библиотека "Любен Каравелов" Русе Регионална библиотека "Любен Каравелов" Русе Заемна - подръчен фонд 2020-01-17 Заемна - подръчен фонд 14.00   П 820(73)-9/Н 79 120000841445   7.16   Книги
Vip Innovations Ltd, Rousse, Bulgaria 2025